Аюрведа: жизнь, здоровье, долголетие (Запись № 2721795)

Подробности
000 -МАРКЕР
контрольное поле 01646nam0a2200397 i 4500
001 - ИДЕНТИФИКАТОР ЗАПИСИ
контрольное поле RU\NLR\bibl\1885953
005 - ИДЕНТИФИКАТОР ВЕРСИИ
контрольное поле 20260608070050.0
010 ## - МЕЖДУНАРОДНЫЙ СТАНДАРТНЫЙ НОМЕР КНИГИ (ISBN)
Номер (ISBN) 9785903851515
Тираж 1500
021 ## - НОМЕР ГОСУДАРСТВЕННОЙ РЕГИСТРАЦИИ
Код страны Российская Федерация
Номер 2012-16905
Номер Листа государственной регистраци 1272
035 ## - ДРУГИЕ СИСТЕМНЫЕ НОМЕРА
Идентификатор записи (NLR Aleph) 001875690
100 ## - ДАННЫЕ ОБЩЕЙ ОБРАБОТКИ
Данные общей обработки 20120330d2012 u y0rusy50 ca
101 1# - ЯЗЫК РЕСУРСА
Язык текста, звукозаписи и т.д. русский
Язык оригинала английский
102 ## - СТРАНА ПУБЛИКАЦИИ ИЛИ ПРОИЗВОДСТВА
Страна публикации Российская Федерация
105 ## - ПОЛЕ КОДИРОВАННЫХ ДАННЫХ: ТЕКСТОВЫЕ МАТЕРИАЛЫ, МОНОГРАФИЧЕСКИЕ
Кодированные данные о монографическом текстовом документе y |||||||||
200 1# - ЗАГЛАВИЕ И СВЕДЕНИЯ ОБ ОТВЕТСТВЕННОСТИ
Основное заглавие Аюрведа: жизнь, здоровье, долголетие
Первые сведения об ответственности Роберт Э. Свобода
Последующие сведения об ответственности [пер. с англ. А. Блейз и др.]
205 ## - СВЕДЕНИЯ ОБ ИЗДАНИИ
Сведения об издании [4-е изд.]
210 ## - ПУБЛИКАЦИЯ, РАСПРОСТРАНЕНИЕ И ДР.
Место издания, распространения и т.д. Москва
Имя издателя, распространителя и т. д. Саттва
Дата издания, распространения и т.д. 2012
215 ## - ФИЗИЧЕСКАЯ ХАРАКТЕРИСТИКА
Специфическое обозначение материала и объем 380 с.
Размеры 22
225 1# - СЕРИЯ
Основное заглавие серии Аюрведа
300 ## - ОБЩИЕ ПРИМЕЧАНИЯ
Текст примечания Пер. изд.: Ayurveda: life, health and longevity / by Robert E. Svoboda. Arkana, 1992
320 ## - ПРИМЕЧАНИЯ О НАЛИЧИИ В ДОКУМЕНТЕ БИБЛИОГРАФИИ / УКАЗАТЕЛЯ
Текст примечания Библиогр.: с. 348-350
320 ## - ПРИМЕЧАНИЯ О НАЛИЧИИ В ДОКУМЕНТЕ БИБЛИОГРАФИИ / УКАЗАТЕЛЯ
Текст примечания Алф. указ.: с. 357-377
320 ## - ПРИМЕЧАНИЯ О НАЛИЧИИ В ДОКУМЕНТЕ БИБЛИОГРАФИИ / УКАЗАТЕЛЯ
Текст примечания Указ. латин. назв. растений: с. 378-380
454 #0 - ОРИГИНАЛ (ПЕРЕВОДА)
Встроенное поле 2001#$aAyurveda$elife, health and longevity
-- 210##$aArkana$d1992
-- 700#1$aSvoboda$bR. E.$gRobert E$4070
Заглавие Ayurveda
Автор Svoboda, Robert E
606 ## - НАИМЕНОВАНИЕ ТЕМЫ КАК ПРЕДМЕТ
Наименование темы Жизнь
Тематический подзаголовок Продление
-- Роль аюрведы
Системный номер авторитетной/нормативной записи 2340748
Идентификатор авторитетной/нормативной записи RU\NLR\auth\661399171
606 ## - НАИМЕНОВАНИЕ ТЕМЫ КАК ПРЕДМЕТ
Наименование темы Аюрведа
Идентификатор авторитетной/нормативной записи RU\NLR\auth\66120439
Системный номер авторитетной/нормативной записи 1113449
606 ## - НАИМЕНОВАНИЕ ТЕМЫ КАК ПРЕДМЕТ
Наименование темы Здоровье
Тематический подзаголовок Роль аюрведы
Системный номер авторитетной/нормативной записи 2340746
Идентификатор авторитетной/нормативной записи RU\NLR\auth\661399170
686 ## - ИНДЕКСЫ ДРУГИХ КЛАССИФИКАЦИЙ
Индекс Р359.12
686 ## - ИНДЕКСЫ ДРУГИХ КЛАССИФИКАЦИЙ
Индекс Р120.4
700 #1 - ИМЯ ЛИЦА - ПЕРВИЧНАЯ ОТВЕТСТВЕННОСТЬ
Код отношения Автор
Графика поля Кириллица
Материалы, к которым относится поле rus
Начальный элемент ввода Свобода
Часть имени, кроме начального элемента ввода Р. Э.
Даты 1953-
Расширение инициалов личного имени Роберт Э.
Системный номер авторитетной/нормативной записи 124402
Идентификатор авторитетной/нормативной записи RU\NLR\auth\7714734
801 #0 - ИСТОЧНИК ЗАПИСИ
Страна Российская Федерация
Организация NLR
Дата составления 20120330
Правила каталогизации RCR
801 #1 - ИСТОЧНИК ЗАПИСИ
Страна Российская Федерация
Организация NLR
Дата составления 20120330
942 ## - ДОПОЛНИТЕЛЬНЫЕ ЭЛЕМЕНТЫ ЗАПИСИ (АБИС)
Тип экземпляра АБИС Книга
980 ## - КОЛЛЕКЦИЯ
Название коллекции НБР

Нет доступных экземпляров.